000 00827nas a2200277 4500
001 BR9207723
003 BR-BrBNA
005 20231205093034.0
007 ta
008 230509b bl.|||p| |||| 00| 00por d
040 _aBR-BrBNA
_bpor
_cBiblioteca Nacional de Agricultura
041 _a(Pt)
072 _aF04
100 1 _aNovaretti, W.R.T.
100 1 _aCarderan, J.O.
100 1 _aStrabelli, J.
100 1 _aAmorim, E.
245 1 _aEfeito do controle de nematoides na adubacao fosfatada da cana-de-acucar
650 _aCANA DE ACUCAR
650 _aFERTILIZANTE FOSFATADO
650 _aNEMATOIDE
650 _aCONTROLE QUIMICO
773 0 _tBoletim Tecnico COPERSUCAR (Brazil)
_xISSN 0100-2996
_g(Jan 1989), (no. 45) p. 26-30
_wBR9207723
909 _a202311
_bLúcia
_c55
_dLúcia Elande
942 _2AGRIS
_n0
_cANA
999 _c135807
_d135807